00423nam a2200169 a 450000100060000000300090000600800410001502000150005604000280007108200160009910000190011524500120013426000320014630000110017850000450018965000190023410883CO-ViMGA141112s2004 ck r 000 u spa d a8420619795 aCO-ViMGAbspacCO-ViMGA04a833.8 H37cl1 aHesse, Hermann10aCuentos aMadrid, cAlianza Editorial a291 p. aFecha : 1996. Vol. y núm. : 1, 2, 3, 414aNOVELA ALEMANA